000 00641nam a2200253 a 4500
001 54601
003 BD-RjUL
005 20211209080137.0
008 191108s19791977nyu||||| |||| 001 0 eng d
020 _a0471018236
035 _a(BD-RjUL) 54723
040 _aBD-RjUL
_beng
_cBD-RjUL
041 _aeng
082 0 0 _a512.9
_223
_bCOA 1977
100 1 _aCohn, P. M.
_9141803
245 0 0 _aAlgebra /
_c P. M. Cohn.
260 _aNew York :
_bJohn Wiley and Sons,
_cc 1977 [reprinted 1979]
300 _a v. ;
_c24 cm.
500 _aIncludes index
504 _a.
505 _avol. 2 --
650 0 _aAlgebra.
_9162855
942 _2ddc
_cBK
999 _c54601
_d54601